Πελοποννησιακός πόλεμος

Saved in:
Bibliographic Details
Main Author: Hanson, Victor Davis
Format: Book
Language:Greek
English
Published: Αθήνα : Λιβάνη, c2007
Series:Ιστορία (Λιβάνης)
Subjects:
Tags: Add Tag
No Tags, Be the first to tag this record!

MARC

LEADER 00000cam a2200000 i 4500
001 1/100288
008 090120s2007 gr | ||| |||| ||gre||
020 |a 9789601414959 
035 |l 10102799 
040 |a GR-MY-UA  |b gre  |e aacr 
041 1 |a gre  |h eng 
082 0 |a 938.15  |2 (22) 
100 1 |a Hanson, Victor Davis. 
245 1 0 |a Πελοποννησιακός πόλεμος /  |c Βίκτορ Ντέϊβις Χάνσον ; μετάφραση από τα αγγλικά: Άγγελος Φιλιππάτος 
260 |a Αθήνα :   |b Λιβάνη,   |c c2007 
300 |a 679 σ.;  |b εικ.;  |c 21 εκ. 
490 1 |a Ιστορία (Λιβάνης) 
500 |a Τίτλος πρωτοτύπου: A war like no other: how the Athenians and Spartans fought the Peloponensian War 
504 |a Βιβλιογραφία: σ. [673]-679. 
651 0 |a Greece  |x History  |y Peloponnesian War, 431-404 B.C. 
830 0 |a Ιστορία (Λιβάνης) 
852 |a INST  |b SYROS  |e 20090120  |h 938.15 HAN  |p 005500005618  |q 005500005618  |t BK  |y 0 
901 |a BIBL5-2008-3 
909 |a Ε  |b 145910 
922 |a 5ΕΛΗ  |b 200802  |c ΕΠΕΑΕΚ2/ΤΜΣΠΣ  |d Σ. ΠΑΤΑΚΗΣ 
970 |a ΚΑΓΙΑΒΑ  |b ΕΙΡΗΝΗ  |z 2009/01/20